[Event "Satka Autumn 2017"]
[Site "Satka"]
[Date "2017.09.13"]
[Round "2"]
[White "Kovanova, Baira"]
[Black "Vinokur, Yuliya"]
[Result "1/2-1/2"]
[WhiteElo "2368"]
[BlackElo "2086"]
[Annotator "TA"]
[PlyCount "95"]
[EventDate "2017.??.??"]
[EventType "swiss"]
[EventCountry "RUS"]
[SourceTitle "playchess.com"]
[Source "ChessBase"]
[SourceQuality "1"]

{[%evp 18,95,35,27,38,16,39,16,18,21,14,14,30,33,36,30,33,25,78,49,45,34,29,25,31,30,30,28,30,12,37,0,14,-31,0,0,0,-66,-81,-55,-75,-137,-137,-151,-138,-145,-74,-69,0,-141,-142,-156,0,0,0,0,0,0,14,28,56,0,0,0,0,0,0,0,0,0,0,0,0,0,259,0,0,0,175,0]} 1. d4 g6 2. e4 Bg7 3. Nf3 d6 4. Bc4 e6 5. Bg5 (5. Qe2 Ne7 6. O-O a6 7. Bb3 O-O 8. Re1 Nd7 9. Nbd2 b5 10. Nf1 c5 11. c3 cxd4 12. cxd4 Nc6 13. Be3 {1-0 (63) Grigoriants,S (2576)-Nakamura,H (2786) chess.com INT 2017}) 5... Ne7 6. Qd2 {B06: Modern Defence} h6 7. Bf4 Nd7 8. Nc3 a6 9. a4 b6 10. O-O {LiveBook: 4 Games} g5 11. Bg3 Ng6 12. h3 Bb7 13. Rfe1 O-O 14. Rad1 Kh8 $146 ({Find the theoretical novelty and annotate with similar games:} 14... Qe7) 15. Bh2 Qe7 16. Qe3 Rae8 17. Qd3 a5 (17... Ra8 $11) 18. Nb5 Rc8 19. Qa3 e5 20. dxe5 Ndxe5 21. Nxe5 Nxe5 22. Bd5 Bxd5 23. exd5 Qd7 24. Nd4 (24. Bxe5 $5 Bxe5 25. Qd3 $14) 24... Rce8 25. Rf1 Re7 26. b3 g4 27. h4 {[#]} ({White should play} 27. f4 $11 gxf3 28. Nxf3) 27... Nf3+ $1 $15 {[%mdl 512]} 28. gxf3 (28. Nxf3 gxf3) 28... gxf3 {( -> ...Bxd4)} 29. Nxf3 ({Don't blunder} 29. Bg3 $2 Bxd4 30. Kh2 (30. Rxd4 {is a self mate.} Qh3 31. Be5+ Rxe5 32. Rg4 Qxg4+ 33. Kh2 Qg2#) 30... Qg4 $19) (29. Qc1 $142 Qh3 30. Nxf3 Qxf3 31. Rfe1) 29... Qg4+ $17 30. Bg3 {aiming for Rd3.} Qxf3 31. Rd3 Qf5 ({Better is} 31... Qg4 32. Qc1 f5) 32. Qc1 Re2 (32... Rfe8 $15 33. Qf4 Qg6) 33. Qd1 {[#]} (33. Re1 $11 Rxe1+ 34. Qxe1) 33... Rfe8 $1 34. c4 R2e4 $2 (34... h5 $17 35. Kg2 Kg8) 35. Qf3 $11 Qh3 36. Re3 $36 {[%mdl 2048] White is pushing.} Rxe3 37. fxe3 Rg8 {Threatens to win with ...Be5.} (37... f5 $5) 38. Kf2 Re8 39. Rh1 ({White should try} 39. h5 $14) 39... Qd7 40. Rg1 Qe7 41. h5 Be5 42. Bxe5+ Qxe5 43. Qf4 Qxf4+ $1 44. exf4 {KR-KR} Kh7 45. Kf3 Re7 $2 {[%mdl 8192]} (45... f5 $11 {and Black has nothing to worry.}) 46. Kf2 Re8 47. Kf3 Re7 {[#]} 48. Kf2 $2 {Precision: White = 32%, Black = 46%.} ({White must play} 48. Kg4 $1 $18) 1/2-1/2

[Event "Satka Autumn 2017"]
[Site "Satka"]
[Date "2017.09.13"]
[Round "2"]
[White "Mirzoeva, Elmira"]
[Black "Nosacheva, Mariya"]
[Result "1-0"]
[WhiteElo "2329"]
[BlackElo "2077"]
[Annotator "TA"]
[PlyCount "63"]
[EventDate "2017.??.??"]
[EventType "swiss"]
[EventCountry "RUS"]
[SourceTitle "playchess.com"]
[Source "ChessBase"]
[SourceQuality "1"]

{[%evp 14,63,27,10,50,30,54,18,40,25,29,8,14,5,18,12,9,16,44,31,54,45,47,45,59,45,59,44,60,54,122,135,207,218,242,237,274,249,270,258,235,200,185,175,771,784,784,781,750,747,771,767]} 1. Nf3 Nf6 2. b3 g6 3. Bb2 Bg7 4. g3 O-O 5. Bg2 d6 6. d4 Nbd7 7. O-O c6 8. Nbd2 {LiveBook: 66 Games} e5 {A49: 1 d4 Nf6 2 Nf3 g6 3 g3: Anti-King's Indian systems} (8... a5 9. a4 b6 10. e4 Qc7 11. Re1 Ne8 12. e5 dxe5 13. dxe5 Nc5 14. Nd4 Bb7 15. Nc4 Rd8 16. Qe2 {0-1 (48) Dreev,A (2652)-Onischuk,V (2601) Doha 2016}) 9. dxe5 Ng4 {[%cal Rd7e5,Bf6g4,Bg4h6,Bh6f5][%mdl 32]} 10. c4 Ndxe5 {The position is equal.} 11. Nxe5 dxe5 12. h3 $146 ({Find the theoretical novelty and annotate with similar games:} 12. Ba3 Re8 13. Ne4 Qa5 14. Qc1 f5 15. Nd6 Rd8 16. c5 {1-0 (88) Makarov,A-Berezhnoy,V Kiev 1962}) 12... Nh6 $1 13. Ba3 Re8 14. Ne4 Qa5 15. Qc1 Nf5 16. e3 h5 17. b4 $36 {[%mdl 2048] Black is under pressure.} Qc7 18. Rd1 Be6 19. Nc5 a6 20. Qc2 Bh6 21. Rd3 Rad8 {[#]} (21... a5 $14) 22. Rxd8 $1 $16 Qxd8 (22... Rxd8 $16 {was necessary.} 23. Nxe6 fxe6) 23. Nxb7 $18 Qg5 24. Re1 ({Inferior is} 24. Bxc6 Rc8 $11) 24... Bc8 25. Nc5 (25. Bxc6 Nxg3 26. Kh2 Qh4 $14) 25... Rd8 26. b5 ({Weaker is} 26. Bxc6 Nxg3 27. Kh2 Qh4 $14) 26... Nxg3 27. fxg3 Qxg3 28. Qf2 Bxe3 $2 {[#]} (28... Qxf2+ 29. Kxf2 cxb5 30. cxb5 axb5) 29. Qxe3 {White is clearly winning.} Qxe3+ 30. Rxe3 cxb5 31. cxb5 axb5 32. Rxe5 {Precision: White = 83%, Black = 29%.} 1-0

[Event "Satka Autumn 2017"]
[Site "Satka"]
[Date "2017.09.13"]
[Round "2"]
[White "Schepetkova, Margarita"]
[Black "Pogorelskikh, Sofia"]
[Result "1-0"]
[WhiteElo "2266"]
[BlackElo "2023"]
[Annotator "TA"]
[PlyCount "135"]
[EventDate "2017.??.??"]
[EventType "swiss"]
[EventCountry "RUS"]
[SourceTitle "playchess.com"]
[Source "ChessBase"]
[SourceQuality "1"]

{[%evp 19,135,35,35,30,33,32,30,34,32,29,20,15,14,0,0,0,62,11,0,12,10,0,29,27,29,25,60,17,17,14,21,15,12,13,23,37,39,47,15,0,0,0,9,0,8,2,16,0,0,-60,-61,-54,-23,-444,-21,-247,-252,-443,0,0,0,0,0,-104,0,-4,0,0,0,0,14,0,6,0,0,0,21,0,25,37,127,39,39,41,41,23,136,136,130,130,171,185,436,436,711,605,1285,1240,1358,1425,1445,1406,1866,1827,1745,1590,1699,1682,1301,802,2535,1766,4137,4133,4141,4141,29983,29984]} 1. d4 Nf6 2. c4 g6 3. Nc3 Bg7 4. e4 d6 5. Be2 O-O 6. Bg5 Na6 7. Qd2 c6 8. f3 e5 9. d5 cxd5 10. cxd5 Bd7 {LiveBook: 124 Games} 11. Bd1 {E73: King's Indian: Averbakh Variation without 6...c5} (11. Bxa6 $5 bxa6 12. Nge2 $11) (11. Bxa6 bxa6 12. Nge2 a5 13. b3 Qb6 14. Be3 Qb4 15. O-O Nh5 16. Rfb1 Nf4 17. Qd1 Rfc8 18. a3 Qb7 {1-0 (41) Le,Q (2726)-Ivanchuk,V (2729) Danzhou 2017}) 11... b5 12. a3 (12. Nge2 b4 13. Nb1 Nc5 14. O-O Qb6 15. Be3 Nh5 16. Nc1 f5 17. exf5 Bxf5 18. g4 Bxb1 19. gxh5 {1-0 (61) Schepetkova,M (2319)-Pogorelskikh,S (1721) Satka 2016}) 12... b4 13. axb4 {White has an edge.} Nxb4 14. Nge2 a5 {[#]} 15. O-O $146 ({Find the theoretical novelty and annotate with similar games:} 15. Ba4 Qc7 16. O-O Rfb8 17. Be3 Na6 18. Bc6 Bxc6 19. dxc6 Qxc6 20. Rxa5 {½-½ (32) Johansen,D (2510)-Leskiewicz,M (2175) Melbourne 1996}) 15... Qb6+ 16. Be3 Bh6 17. f4 Qb7 (17... Qa6 $11) 18. Nc1 ({White should play} 18. h3 $14) 18... Bb5 19. fxe5 (19. Re1 {with more complications.} Bxf4 20. Bxf4 exf4 21. Qxf4 Qb6+ 22. Kh1) 19... Bxe3+ 20. Qxe3 Nfxd5 (20... Ng4 $5 21. Bxg4 Bxf1 $14) 21. exd5 {Black must now prevent Rf6.} Bxf1 22. Kxf1 Rfe8 23. Nd3 Nxd3 24. Qxd3 Rxe5 25. Qd2 Qa6+ 26. Be2 Rf5+ 27. Kg1 Qb6+ 28. Kh1 Rb8 29. Rb1 Qb4 30. h3 Re5 31. Bf3 Re7 32. Ra1 Ra7 33. Re1 Rab7 34. Re2 ({White should try} 34. Ra1 $11) 34... Qxb2 $15 35. Qe1 Qb4 {Hoping for ...Rc7.} 36. Re8+ $2 {[%mdl 8192]} (36. Re4 $11 Qc5 37. Kh2) 36... Kg7 $2 (36... Rxe8 $19 37. Qxe8+ Kg7) 37. Re3 $2 {[#]} (37. Re4 $11 Qc5 38. Kh2) 37... Rc7 $1 $19 38. Qa1 $2 (38. Ne4 {keeps fighting.} Qxe1+ 39. Rxe1) 38... Qb2 $2 (38... Qd4 $19 39. Qe1 Rb3) 39. Qxa5 $11 Rc5 40. Qa7 Rb7 41. Nd1 {[#]} (41. Qa6 $11 {remains equal.}) 41... Rc1 ({Don't play} 41... Rxa7 42. Nxb2 Ra1+ 43. Kh2 $15) (41... Qxg2+ $1 $17 {[%mdl 512]} 42. Kxg2 (42. Bxg2 Rxa7) 42... Rxa7) 42. Qa3 Qxa3 43. Rxa3 Rbb1 44. Rd3 f5 45. Kh2 Kf6 46. Rd2 g5 47. Nf2 Re1 48. Rc2 Rf1 49. g4 f4 (49... Rfc1 $14 50. Rxc1 (50. Rc6 Rxc6 51. dxc6 Rc1 $11) 50... Rxc1) 50. Bg2 ({Better is} 50. Ne4+ $16 Kg6 51. Bg2) 50... Rfc1 $14 51. Ne4+ Ke5 52. Re2 Re1 (52... f3 $1 $11 53. Bxf3 Re1 54. Rxe1 Rxe1) 53. Rxe1 $16 Rxe1 54. Nxg5 {Threatens to win with Nf3+.} Re2 55. Kg1 Kd4 $2 (55... f3 {was called for.} 56. Bxf3 Rd2 57. Nxh7 Kf4) 56. Nxh7 $18 Ke3 (56... Re1+ $142 57. Kf2 Re8) 57. Ng5 Re1+ 58. Kh2 Ra1 59. h4 Ra8 60. Nf3 Rh8 61. g5 Ke4 62. Kh3 Kxd5 63. Kg4 Ke6 64. Kxf4 d5 65. Bh3+ Kf7 66. Bg4 d4 67. h5 Kg7 68. Nxd4 {Precision: White = 44%, Black = 32%.} 1-0

[Event "Satka Autumn 2017"]
[Site "Satka"]
[Date "2017.09.13"]
[Round "2"]
[White "Maletina, Tatiana"]
[Black "Gutkovich, Polina"]
[Result "1-0"]
[WhiteElo "2241"]
[BlackElo "2012"]
[Annotator "TA"]
[PlyCount "95"]
[EventDate "2017.??.??"]
[EventType "swiss"]
[EventCountry "RUS"]
[SourceTitle "playchess.com"]
[Source "ChessBase"]
[SourceQuality "1"]

{[%evp 12,95,35,42,54,20,12,21,28,17,8,22,77,68,64,24,61,61,97,100,91,88,129,37,40,0,0,0,0,0,0,0,78,62,140,134,138,138,198,186,189,195,196,202,274,188,213,66,60,67,45,0,116,123,122,115,117,114,126,8,135,84,101,85,213,198,219,125,125,125,129,127,132,0,15,-54,-28,-701,9,8,14,8,648,623,5661,5605]} 1. d4 d5 2. Bf4 Nf6 3. e3 c5 4. c3 Nc6 5. Nd2 Qb6 6. Qb3 {D00: 1 d4 d5: Unusual lines} c4 7. Qc2 $1 {LiveBook: 74 Games} Bd7 $146 ({Predecessor:} 7... Nh5 8. Bg5 h6 9. Bh4 g5 10. Be2 Ng7 11. Bg3 Bf5 12. Qc1 e6 {1-0 (41) Carlsen,M (2832)-So,W (2812) Leuven 2017}) 8. e4 {White is slightly better.} Nxe4 9. Nxe4 dxe4 10. Bxc4 Rc8 11. Rc1 Ne5 (11... Na5 $11 12. Be2 Qg6) 12. Bxe5 $16 Rxc4 13. b3 Rc8 14. Qxe4 Qa5 15. Ne2 Bc6 16. Qg4 $1 {[%csl LRc8,LRg7]} Rd8 17. Rc2 (17. O-O $16) 17... h5 $14 18. Qh3 f6 19. Bf4 $1 $36 {[%mdl 2048] White is more active.} g5 20. Bd2 {Black should prevent c4.} Qd5 21. Rg1 Rd6 (21... g4 $11 22. Qd3 Qe4 23. Qxe4 Bxe4) 22. Qd3 Qe6 (22... Qe4 $14 23. Qxe4 Bxe4) 23. f3 $1 $16 h4 24. c4 Qf7 (24... Bd7 $16 {was necessary.} 25. Bb4 Qf5 26. Qxf5 Bxf5) 25. d5 $18 e6 {[%cal Re6d5]} 26. Qe3 Bd7 27. Qxa7 Qg6 28. Rc3 {Threatens to win with Re3.} exd5 29. cxd5 ({Inferior is} 29. Qxb7 d4 $14) (29. Re3+ $18 Kf7 30. c5 (30. Qxb7 dxc4 31. bxc4 Qf5 $14)) 29... Rxd5 $14 30. Qxb7 Qf5 $1 31. Be3 Be7 (31... Rh7 $11) 32. Kf2 $16 {Strongly threatening Bb6.} O-O 33. Re1 Qe5 34. f4 Qd6 35. Qc7 ({White should try} 35. Rc4 $16) 35... Qa3 (35... Qe6 $11 {keeps the balance.}) 36. Qc4 (36. Rcc1 $142) 36... Be6 37. Qe4 Qd6 (37... Bf7 $16 {was called for.}) 38. Nd4 $18 Bd7 39. Rd1 (39. Qg6+ $18 Kh8 40. Rc4) 39... f5 $16 40. Qf3 g4 41. Qe2 Bf6 {[%cal Rf6d4]} 42. Rc4 (42. Rcd3 $16 Bd8 43. a4) 42... Re8 {...g3+! is the strong threat.} 43. a4 (43. Rd3 $11) 43... Re4 {[%cal Rf6d4]} (43... g3+ $5 44. hxg3 hxg3+ 45. Ke1 (45. Kxg3 $2 Bxd4 46. Rcxd4 Rxd4 $19) 45... Qe7 $11) 44. Nb5 $2 {[%mdl 8192] [#]} (44. Qd2 $11) 44... Bxb5 $2 (44... g3+ $1 $19 {[%mdl 512]} 45. hxg3 hxg3+ 46. Kf3 Bxb5 47. axb5 Rxd1 48. Rxe4 fxe4+ 49. Kxg3 Rd3 50. Qg4+ Kf8 51. Qc8+ Kf7 52. Qb7+ Qe7 53. Qxe7+ Bxe7) 45. Rxd5 $11 Qxd5 46. axb5 {Hoping for Rxe4.} Bd8 $2 {[%mdl 8192]} (46... Re8 $11) 47. Rxe4 $18 Qxe4 48. Qc4+ {Precision: White = 52%, Black = 36%.} 1-0

[Event "Satka Autumn 2017"]
[Site "Satka"]
[Date "2017.09.13"]
[Round "2"]
[White "Protopopova, Anastasiya"]
[Black "Lomakina, Galja"]
[Result "1-0"]
[WhiteElo "2152"]
[BlackElo "1962"]
[Annotator "TA"]
[PlyCount "85"]
[EventDate "2017.??.??"]
[EventType "swiss"]
[EventCountry "RUS"]
[SourceTitle "playchess.com"]
[Source "ChessBase"]
[SourceQuality "1"]

{[%evp 9,85,90,152,101,112,50,193,180,205,216,209,191,192,139,207,179,214,203,216,176,303,247,317,300,283,162,143,93,222,101,85,102,121,53,157,150,273,218,260,244,462,442,489,508,581,568,594,560,551,550,644,615,718,628,863,844,843,833,906,887,812,782,29974,29974,29973,29973,29976,29977,29975,29976,29975,29976,29976,29977,29977,29978,29978,29979]} 1. d4 c6 2. c4 d6 3. e4 Nd7 (3... e5 4. Nc3 g6 5. f4 exf4 6. Bxf4 Bh6 7. Qd2 Bxf4 8. Qxf4 Qf6 9. Qe3 Ne7 10. Bd3 Nd7 11. O-O-O c5 12. e5 dxe5 {½-½ (42) Zvjaginsev,V (2659)-Kamsky,G (2741) Khanty-Mansiysk 2013}) 4. Nc3 Qa5 $146 ({Predecessor:} 4... g6 5. Nf3 Bg7 6. Be2 a6 7. Be3 b5 8. c5 dxc5 9. dxc5 Qc7 10. Qc2 Ngf6 11. h3 Nh5 12. g3 O-O 13. Kf1 Rd8 {½-½ (23) Nestorovic,N (2409)-Lajthajm,B (2469) Pozarevac 2013}) 5. Bd3 g5 (5... e5 $142) 6. h4 {B12: Caro-Kann: Advance Variation} (6. Rb1 $142) 6... Bg7 7. Be2 (7. Be3 $16) 7... Nf8 (7... c5 $1 $14) 8. hxg5 $18 {White is clearly better.} Ne6 9. d5 Nd4 10. Be3 c5 11. Rc1 ({Better is} 11. Qc1 $18) 11... Bd7 (11... h6 $16 12. gxh6 Nxh6) 12. Qd2 a6 13. Nf3 {[%cal Rf3d4]} Nxe2 14. Qxe2 b5 (14... h6 {is a better defense.} 15. a3 hxg5 16. Rxh8 Bxh8) 15. a3 Rb8 16. O-O Bg4 17. Bd2 (17. Bf4 $142) 17... bxc4 18. Rb1 Be5 (18... h6 $16) 19. Qe3 (19. Qxc4 $18 {is the precise move to win.} Bxf3 20. gxf3) 19... Bxf3 $16 20. Qxf3 h6 21. gxh6 (21. g6 $1 $16 {[%cal Rg6f7]} fxg6 22. Qg4) 21... Nf6 (21... Nxh6 $14 22. Bf4 Bxf4 23. Qxf4 f6) 22. g3 Kd7 (22... Rb3 $16 23. g4 Qb6) 23. Kg2 Qd8 24. Qe2 Bxc3 $2 {[#]} (24... Rb3 {was necessary.} 25. Qxc4 Qb6) 25. bxc3 $18 Rb5 26. a4 Rb6 27. Qxc4 Qb8 28. Rxb6 Qxb6 29. Bf4 Ng4 30. Qe2 Nf6 31. Bg5 Qb7 32. Bxf6 exf6 {[%mdl 4096] Endgame KQR-KQR} 33. Qg4+ Ke7 34. Rh1 Qb8 35. h7 Qf8 36. Rb1 {White mates.} Qa8 37. Qg7 Qc8 {[#]} 38. Qxh8 $3 {[%mdl 512]} Qxh8 39. Rb7+ Kf8 40. Rb8+ Kg7 41. Rxh8 Kxh8 42. Kf3 Kxh7 43. Kf4 {Precision: White = 59%, Black = 20%.} 1-0

[Event "Satka Autumn 2017"]
[Site "Satka"]
[Date "2017.09.13"]
[Round "2"]
[White "Nasybullina, Alfia"]
[Black "Charochkina, Daria"]
[Result "0-1"]
[WhiteElo "2045"]
[BlackElo "2339"]
[Annotator "TA"]
[PlyCount "72"]
[EventDate "2017.??.??"]
[EventType "swiss"]
[EventCountry "RUS"]
[SourceTitle "playchess.com"]
[Source "ChessBase"]
[SourceQuality "1"]

{[%evp 13,72,48,57,47,45,60,73,85,77,43,49,52,57,54,92,35,46,22,25,34,57,58,76,68,86,0,108,113,208,231,261,-104,-99,-211,-215,-463,-445,-469,-436,-474,-466,-437,-451,-930,-896,-1079,-1013,-801,-767,-810,-816,-803,-783,-747,-760,-931,-929,-1227,-1178,-1564,-1515]} 1. d4 f5 2. Bg5 h6 3. Bh4 g5 4. e3 Nf6 5. Bg3 d6 6. h4 Rg8 7. hxg5 {A80: Dutch Defence: Unusual White second moves} hxg5 {LiveBook: 29 Games} 8. Be2 (8. c4 Na6 9. Nc3 c5 10. Be2 Qb6 11. Qd2 cxd4 12. exd4 f4 13. Bh2 Bf5 14. g3 g4 15. gxf4 {0-1 (25) Urkedal,F (2507)-Vovk,A (2638) Fagernes 2016}) 8... Be6 9. c4 {White is slightly better.} c6 $146 ({Find the theoretical novelty and annotate with similar games:} 9... Bf7 10. Nc3 Nc6 11. d5 Ne5 12. Bxe5 dxe5 13. Nf3 Ng4 14. Qb3 Qc8 {1-0 (22) Rajlich,I (2411)-Lanchava,T (2379) Heraklio 2007}) 10. Nc3 Qa5 11. a3 Ne4 12. b4 Nxc3 13. Qc2 Qb6 14. Bh5+ (14. c5 $16 Qc7 15. Qxc3) 14... Kd8 $14 {Threatens to win with ...Ne4.} 15. Qxc3 a5 {Strongly threatening ...axb4.} 16. b5 $36 {[%mdl 2048] White has the initiative.} cxb5 17. c5 $1 {[%cal Rc5b6]} Qc6 18. Bf3 Bd5 19. Rh7 ({White should try} 19. Qd3 $16 f4 20. exf4) 19... Bxf3 (19... Nd7 $1 $11) 20. Nxf3 $16 {aiming for Qb3.} f4 (20... Nd7 $16 {was worth a try.}) 21. Qb3 $18 Rg6 {[#]} 22. cxd6 $2 ({Resist} 22. exf4 $6 gxf4 23. Bxf4 dxc5 $18) (22. Qd3 $1 $18 {[%cal Rd3g6]} Rh6 23. exf4 gxf4 24. Bxf4 Rxh7 25. Qxh7) 22... fxg3 $17 23. Ne5 {[#]} (23. Qf7 $17 {is a better defense.} Qc3+ 24. Ke2 Qc4+ 25. Qxc4 bxc4 26. dxe7+ Bxe7 27. Rb1) 23... Qxg2 $1 $19 {[%mdl 512]} 24. dxe7+ $2 (24. Rf7 Rf6 25. dxe7+ Bxe7 26. Rxf6 Bxf6 27. Qg8+ Kc7 28. Qf7+ Kb6 29. Qxf6+ Nc6 30. Ke2) 24... Bxe7 {Black is clearly winning.} 25. O-O-O {Black must now prevent Qf7.} Raa6 ({But not} 25... gxf2 $2 26. Qf7 $18) 26. Nxg6 Rxg6 27. Rh8+ Kc7 28. d5 (28. Rh7 $142 Qe4 29. Qb1 Rc6+ 30. Kb2) 28... gxf2 29. Qc2+ {[#]} Nc6 $1 30. Rhh1 (30. dxc6 Rxc6) 30... f1=Q 31. Rhxf1 Bxa3+ 32. Kb1 Qxc2+ 33. Kxc2 Ne5 34. e4 g4 35. Kb3 Bc5 36. Rf5 Kd6 {Precision: White = 30%, Black = 52%.} 0-1

[Event "Satka Autumn 2017"]
[Site "Satka"]
[Date "2017.09.13"]
[Round "2"]
[White "Nasyrova, Ekaterina"]
[Black "Makarenko, Alexandra"]
[Result "0-1"]
[WhiteElo "2017"]
[BlackElo "2251"]
[Annotator "TA"]
[PlyCount "90"]
[EventDate "2017.??.??"]
[EventType "swiss"]
[EventCountry "RUS"]
[SourceTitle "playchess.com"]
[Source "ChessBase"]
[SourceQuality "1"]

{[%evp 24,90,-26,-18,-12,-23,-24,-28,-24,-31,0,0,0,0,0,0,0,-16,-5,-37,-8,-108,-104,-133,-118,-151,-125,-166,-171,-163,-171,-170,-163,-195,-148,-294,-291,-314,-303,-352,-286,-302,0,-296,-291,-280,-226,-364,-342,-625,-618,-547,-539,-746,-693,-757,-756,-842,-730,-725,-695,-2030,-1665,-29988,-29989,-29989,-29990,-29990,-29991]} 1. d4 Nf6 2. c4 e6 3. g3 c5 4. d5 exd5 5. cxd5 d6 6. Bg2 g6 7. Nc3 Bg7 8. Nf3 O-O 9. O-O a6 10. a4 Re8 11. Nd2 Nbd7 12. Nde4 {A64: Modern Benoni: Fianchetto Variation: 9...Nbd7 10 Nd2 a6 11 a4 Re8} (12. h3 Rb8 13. Nc4 Ne5 14. Na3 Nh5 15. e4 Bd7 16. g4 Nf6 17. g5 Nh5 18. f4 b5 19. fxe5 b4 20. Nc4 bxc3 21. bxc3 Bxe5 22. Qf3 f5 23. gxf6 Qxf6 24. Nxe5 Qxe5 {0-1 (60) So,W (2812)-Nakamura,H (2785) Stavanger 2017}) 12... Nxe4 13. Nxe4 {LiveBook: 3 Games} Ne5 14. Bg5 {The position is equal.} f6 15. Bf4 $146 ({Predecessor:} 15. Bd2 Rb8 16. a5 Qe7 17. Bc3 Bd7 18. Qc1 f5 19. Nd2 Bb5 {0-1 (42) Flak,P (2192)-Dworakowska,J (2316) Warsaw 2013}) 15... Bf5 16. b3 Bxe4 (16... Nf7 $5 {[%cal Rf5e4]} 17. Nc3 Bg4 $15) 17. Bxe4 f5 18. Bg2 Nf7 19. Rb1 b5 20. Qd3 Qd7 21. axb5 Qxb5 22. Qxb5 (22. b4 $11 {remains equal.}) 22... axb5 $17 23. e4 fxe4 24. Rfe1 Bd4 25. Re2 {[#]} e3 $1 {[%cal Re3f2][%mdl 512]} 26. Bxe3 (26. fxe3 g5) 26... Bxe3 27. fxe3 Ne5 28. Rf1 Rf8 29. h4 (29. Rb1 $17 {keeps fighting.}) 29... Rxf1+ $19 30. Bxf1 {[%mdl 4096] Endgame KRB-KRN} Ra1 31. Kg2 Ng4 32. Kh3 Ne5 $2 ({Don't play} 32... Rxf1 33. Kxg4 h5+ 34. Kh3 $19) (32... h5 $19 33. Bg2 Ra3) 33. Rf2 $2 {[%mdl 8192]} (33. Kg2 $1 $11 {and White stays safe.}) 33... b4 34. Bb5 Kg7 35. Kg2 (35. Rb2 $142) 35... Rb1 36. Ra2 $2 (36. Ba4) 36... Rxb3 37. Ra7+ Kf6 38. Rxh7 c4 39. Rc7 Rxe3 40. g4 Re4 41. g5+ Kf5 42. Kh3 b3 {[%cal Bb4b3,Bb3b2][%mdl 32]} 43. Ba6 Re3+ {Black mates.} 44. Kg2 b2 45. Rb7 Rb3 {Precision: White = 22%, Black = 84%.} 0-1